[Event "Justus-Liebig-Schule Darmstadt-Ohm-Gymna"]
[Site "Verden/Aller"]
[Date "2011.05.15"]
[Round "4.1"]
[White "Miller, Eduard"]
[Black "Göbel, Constantin"]
[Result "1/2-1/2"]
[WhiteElo "2156"]
[BlackElo "2185"]
[PlyCount "108"]
[EventDate "2011.??.??"]
[WhiteTeam "Ohm-Gymnasium Erlangen"]
[BlackTeam "Justus-Liebig-Schule Darmstadt"]

1. c4 e6 2. Nc3 Nf6 3. g3 Be7 4. Bg2 O-O 5. Nf3 c5 6. O-O Nc6 7. d4 d5 8. cxd5
exd5 9. dxc5 Bxc5 10. Bg5 Be6 11. Bxf6 Qxf6 12. Nxd5 Qxb2 13. Nc7 Rad8 14. Qc1
Qxc1 15. Raxc1 Bb6 16. Nxe6 fxe6 17. Rc4 Rd6 18. Bh3 h6 19. Kg2 Rf6 20. e3 Rxf3
21. Rxc6 Rxf2+ 22. Rxf2 Rxc6 23. Kf3 Kf7 24. Bg2 Ke7 25. Re2 Kf6 26. Ke4 Rc4+
27. Kd3 Ra4 28. Bxb7 Ke5 29. e4 Rd4+ 30. Kc2 Ba5 31. Kc1 Bb4 32. Kb2 Bc5 33.
Bc6 Kd6 34. Be8 Ke5 35. Bc6 Rd1 36. Kc2 Rg1 37. Kd3 Rh1 38. Ba4 Bb6 39. Bb3 Rf1
40. Kd2 Rf3 41. Kc2 Bd4 42. Kd2 g5 43. Kc2 h5 44. Kd2 g4 45. Ke1 Rc3 46. Kf1
Kf6 47. Rd2 Ke5 48. Re2 Be3 49. Rc2 Bd4 50. Rxc3 Bxc3 51. Ke2 Bd4 52. Kf1 Bc5
53. Kg2 Be7 54. h3 gxh3+ 1/2-1/2

[Event "Justus-Liebig-Schule Darmstadt-Ohm-Gymna"]
[Site "Verden/Aller"]
[Date "2011.05.15"]
[Round "4.2"]
[White "Tran, My Linh"]
[Black "Klek, Hanna-Marie"]
[Result "0-1"]
[WhiteElo "1874"]
[BlackElo "2136"]
[PlyCount "87"]
[EventDate "2011.??.??"]
[WhiteTeam "Justus-Liebig-Schule Darmstadt"]
[BlackTeam "Ohm-Gymnasium Erlangen"]

1. e4 e5 2. Nf3 d6 3. d4 exd4 4. Nxd4 Be7 5. Nc3 Nf6 6. Be2 O-O 7. O-O c6 8. a4
a5 9. b3 Nbd7 10. Bb2 Re8 11. Nf5 Nc5 12. Nxe7+ Rxe7 13. f3 Qc7 14. Qd2 Be6 15.
Qg5 h6 16. Qg3 d5 17. Qxc7 Rxc7 18. exd5 Nxd5 19. Nxd5 Bxd5 20. Rad1 Re8 21.
Kf2 Be6 22. Rd2 Bf5 23. Rfd1 h5 24. Ba3 Ne6 25. Bd3 Bxd3 26. Rxd3 Kh7 27. Rd7
Rec8 28. Bc1 Kg6 29. Rxc7 Rxc7 30. Rd6 Kf5 31. Bd2 Ke5 32. Rd3 b6 33. Be3 c5
34. c3 c4 35. bxc4 Rxc4 36. Bxb6 Rxa4 37. Re3+ Kd5 38. Ke2 Kc6 39. Bd4 Nxd4+
40. cxd4 Rxd4 41. Re7 Rd7 42. Re5 Ra7 43. Rxh5 a4 44. Rh7 0-1

[Event "Justus-Liebig-Schule Darmstadt-Ohm-Gymna"]
[Site "Verden/Aller"]
[Date "2011.05.15"]
[Round "4.3"]
[White "Tong, Lukas Fabian Chuan"]
[Black "Schmalhorst, Sophia"]
[Result "1-0"]
[WhiteElo "1957"]
[BlackElo "1860"]
[PlyCount "57"]
[EventDate "2011.??.??"]
[WhiteTeam "Ohm-Gymnasium Erlangen"]
[BlackTeam "Justus-Liebig-Schule Darmstadt"]

1. d4 d5 2. c4 e6 3. Nc3 Nf6 4. cxd5 exd5 5. Bf4 Bd6 6. Bg3 O-O 7. e3 c6 8. Bd3
Bxg3 9. hxg3 Nbd7 10. Qc2 g6 11. Nge2 Re8 12. O-O Nf8 13. b4 a6 14. a4 h5 15.
b5 axb5 16. axb5 Rxa1 17. Rxa1 Ng4 18. bxc6 bxc6 19. Nf4 h4 20. Nce2 hxg3 21.
Nxg3 Qh4 22. Nfe2 Qh2+ 23. Kf1 Rxe3 24. Ra8 Bd7 25. Bxg6 Re7 26. Bf5 Qh6 27.
Bxd7 Rxd7 28. Qf5 Qe6 29. Qxe6 1-0

[Event "Justus-Liebig-Schule Darmstadt-Ohm-Gymna"]
[Site "Verden/Aller"]
[Date "2011.05.15"]
[Round "4.4"]
[White "Anders, Eric"]
[Black "Zhao, Kevin"]
[Result "1-0"]
[WhiteElo "1709"]
[BlackElo "1799"]
[PlyCount "76"]
[EventDate "2011.??.??"]
[WhiteTeam "Justus-Liebig-Schule Darmstadt"]
[BlackTeam "Ohm-Gymnasium Erlangen"]

1. e4 e6 2. d4 d5 3. exd5 exd5 4. Bd3 Bd6 5. Nf3 Ne7 6. O-O c6 7. c3 Qc7 8. h3
Bf5 9. Bxf5 Nxf5 10. Re1+ Ne7 11. Qd3 Nd7 12. b4 Nb6 13. Nbd2 f6 14. Nh4 g6 15.
Ndf3 O-O-O 16. a4 Qd7 17. Nh2 g5 18. N4f3 h5 19. b5 g4 20. Nh4 Nc4 21. Nf1 Rdg8
22. Kh1 f5 23. Ne3 gxh3 24. gxh3 f4 25. Nef5 Rg5 26. Nxe7+ Bxe7 27. Bxf4 Nb2
28. Qe3 Rg7 29. bxc6 Qxc6 30. Nf5 Bf6 31. Nxg7 Bxg7 32. Qe6+ Qxe6 33. Rxe6 Nd3
34. Be3 Kd7 35. Rg6 Bf8 36. Rb1 Kc7 37. Rb5 Be7 38. Rxd5 Bh4 1-0

[Event "Ohm-Gymnasium Erlangen-Athenaeum Stade"]
[Site "Verden/Aller"]
[Date "2011.05.15"]
[Round "5.1"]
[White "Carmesin, Matthias"]
[Black "Miller, Eduard"]
[Result "1-0"]
[WhiteElo "1988"]
[BlackElo "2156"]
[PlyCount "62"]
[EventDate "2011.??.??"]
[WhiteTeam "Athenaeum Stade"]
[BlackTeam "Ohm-Gymnasium Erlangen"]

1. Nf3 d5 2. g3 Nf6 3. Bg2 Bf5 4. O-O c6 5. d3 Nbd7 6. Nh4 Bg4 7. h3 Bh5 8. g4
Bg6 9. Nd2 e5 10. Nxg6 hxg6 11. c4 Bd6 12. e3 Qe7 13. Qc2 Nc5 14. d4 Nce4 15.
cxd5 cxd5 16. dxe5 Qxe5 17. Nf3 Qe7 18. Rd1 Nh7 19. Rxd5 Nhg5 20. Nxg5 Nxg5 21.
Qd3 O-O-O 22. e4 Ne6 23. Be3 Kb8 24. Rd1 Be5 25. Qb3 f6 26. Qa4 a6 27. b3 Nf4
28. Bxf4 Bxf4 29. Rd7 Rxd7 30. Qxd7 Qe5 31. Qxg7 Rc8 1-0

[Event "Ohm-Gymnasium Erlangen-Athenaeum Stade"]
[Site "Verden/Aller"]
[Date "2011.05.15"]
[Round "5.2"]
[White "Klek, Hanna-Marie"]
[Black "Lienau, Henrik"]
[Result "1-0"]
[WhiteElo "2136"]
[BlackElo "1684"]
[PlyCount "58"]
[EventDate "2011.??.??"]
[WhiteTeam "Ohm-Gymnasium Erlangen"]
[BlackTeam "Athenaeum Stade"]

1. e4 c5 2. Nf3 d6 3. d4 cxd4 4. Nxd4 Nf6 5. Nc3 g6 6. Be3 Bg7 7. f3 O-O 8. Qd2
Nc6 9. O-O-O d5 10. Nxc6 bxc6 11. exd5 Nxd5 12. Bd4 e5 13. Bc5 Be6 14. Ne4 Re8
15. g4 Qc7 16. Kb1 h6 17. g5 h5 18. h4 Red8 19. Qe1 Rab8 20. b3 a5 21. a4 Qb7
22. Bc4 Rd7 23. Kc1 Nf4 24. Bxe6 Nxe6 25. Qxa5 Nxc5 26. Qxc5 Rxd1+ 27. Rxd1 Qb4
28. Qxb4 Rxb4 29. Rd8+ Kh7 1-0

[Event "Ohm-Gymnasium Erlangen-Athenaeum Stade"]
[Site "Verden/Aller"]
[Date "2011.05.15"]
[Round "5.3"]
[White "Vöge, Tobias"]
[Black "Tong, Lukas Fabian Chuan"]
[Result "0-1"]
[WhiteElo "1694"]
[BlackElo "1957"]
[PlyCount "98"]
[EventDate "2011.??.??"]
[WhiteTeam "Athenaeum Stade"]
[BlackTeam "Ohm-Gymnasium Erlangen"]

1. d4 Nf6 2. c4 e6 3. Nc3 Bb4 4. Bg5 h6 5. Bh4 g5 6. Bg3 Ne4 7. Qc2 f5 8. e3 b6
9. Nge2 Bb7 10. f3 Nf6 11. a3 Bxc3+ 12. Nxc3 d6 13. O-O-O Nbd7 14. Bd3 Qe7 15.
Nb5 Kd8 16. Rhe1 a6 17. Nc3 Nh5 18. Bf2 Qf6 19. e4 e5 20. dxe5 Nxe5 21. Bd4 f4
22. Nd5 Qe6 23. Qb3 Rb8 24. Kb1 Kd7 25. Qc3 Rhe8 26. Bc2 Nc6 27. Ba4 Ba8 28.
Nb4 a5 29. Nxc6 Bxc6 30. Bxc6+ Kxc6 31. e5 Kb7 32. exd6 Qxd6 33. Be5 Qg6+ 34.
Ka1 Rbd8 35. c5 Qf5 36. Rxd8 Rxd8 37. cxb6 c6 38. Qxa5 Ra8 39. Qb4 Qc2 40. Qe7+
Kxb6 41. Bd4+ c5 42. Qd6+ Kb5 43. Bxc5 Ra6 44. Qd4 Ra4 45. Bb4 Qc6 46. Re5+ Ka6
47. Qd3+ Ka7 48. Rc5 Qe6 49. Rd5 Nf6 0-1

[Event "Ohm-Gymnasium Erlangen-Athenaeum Stade"]
[Site "Verden/Aller"]
[Date "2011.05.15"]
[Round "5.4"]
[White "Korn, Lukas Alexander"]
[Black "Meyer, Christoph"]
[Result "0-1"]
[WhiteElo "1599"]
[BlackElo "1722"]
[PlyCount "51"]
[EventDate "2011.??.??"]
[WhiteTeam "Ohm-Gymnasium Erlangen"]
[BlackTeam "Athenaeum Stade"]

1. e4 c5 2. c3 d5 3. exd5 Qxd5 4. d4 Nc6 5. Nf3 Bg4 6. Be2 e6 7. O-O Nf6 8. h3
Bh5 9. Be3 cxd4 10. cxd4 Be7 11. Nc3 Qd8 12. Ne5 Bxe2 13. Nxe2 Nxe5 14. dxe5
Qxd1 15. Rfxd1 Nd5 16. Bd4 Nb4 17. Rac1 Nc6 18. Bc3 Rd8 19. Rxd8+ Kxd8 20. Rd1+
Kc7 21. Nd4 Rd8 22. Nb5+ Kc8 23. Rxd8+ Kxd8 24. Nd4 Kd7 25. Nf3 h6 26. Kf1 0-1

[Event "Ohm-Gymnasium Erlangen-Humboldtschule Ha"]
[Site "Verden/Aller"]
[Date "2011.05.15"]
[Round "6.1"]
[White "Petkidis, Anthony"]
[Black "Miller, Eduard"]
[Result "1/2-1/2"]
[WhiteElo "2155"]
[BlackElo "2156"]
[PlyCount "103"]
[EventDate "2011.??.??"]
[WhiteTeam "Humboldtschule Hannover"]
[BlackTeam "Ohm-Gymnasium Erlangen"]

1. e4 c5 2. Nf3 d6 3. d4 cxd4 4. Nxd4 Nf6 5. Nc3 g6 6. Be3 Bg7 7. f3 Nc6 8. Qd2
O-O 9. g4 Nxd4 10. Bxd4 Be6 11. O-O-O Qa5 12. a3 Rfc8 13. h4 h5 14. Qg5 Qxg5+
15. hxg5 Nh7 16. gxh5 Nxg5 17. Bg2 Bc4 18. Be3 Ne6 19. Nd5 Bxd5 20. Rxd5 Be5
21. hxg6 fxg6 22. Bh3 Kf7 23. f4 Nxf4 24. Rf1 g5 25. Bxc8 Rxc8 26. Rb5 b6 27.
Kd2 Kg6 28. Bxf4 Bxf4+ 29. Kd3 Rh8 30. Rf3 Rh1 31. Rf5 Be5 32. c3 Rd1+ 33. Kc4
Re1 34. Kd5 e6+ 35. Kxe6 Rxe4 36. Kd5 Rh4 37. Rf8 g4 38. Rf1 g3 39. Rg1 Rh2 40.
Rg8+ Kf7 41. R8xg3 Bxg3 42. Rxg3 Rxb2 43. Kxd6 Rb3 44. a4 Ra3 45. Rg4 Rxc3 46.
Rb4 Rd3+ 47. Kc6 Ke6 48. Re4+ Kf5 49. Re7 Rc3+ 50. Kb7 Rc4 51. Kxa7 Rxa4+ 52.
Kxb6 1/2-1/2

[Event "Ohm-Gymnasium Erlangen-Humboldtschule Ha"]
[Site "Verden/Aller"]
[Date "2011.05.15"]
[Round "6.2"]
[White "Klek, Hanna-Marie"]
[Black "Jung, Mark-Alexander"]
[Result "1-0"]
[WhiteElo "2136"]
[BlackElo "1764"]
[PlyCount "89"]
[EventDate "2011.??.??"]
[WhiteTeam "Ohm-Gymnasium Erlangen"]
[BlackTeam "Humboldtschule Hannover"]

1. e4 c5 2. Nf3 Nc6 3. d4 cxd4 4. Nxd4 Nf6 5. Nc3 e6 6. Ndb5 Bb4 7. a3 Bxc3+ 8.
Nxc3 d5 9. exd5 exd5 10. Bd3 O-O 11. O-O h6 12. Bf4 Bg4 13. Qd2 Re8 14. h3 Bh5
15. g4 Bg6 16. Bxg6 fxg6 17. Rad1 d4 18. Nb5 g5 19. Bh2 Ne5 20. Bxe5 Rxe5 21.
Qxd4 Rd5 22. Qc4 Kh7 23. Rxd5 Qxd5 24. Qxd5 Nxd5 25. Rd1 Nf4 26. Kh2 a6 27. Nd6
Rd8 28. Rd2 Kg6 29. Nc4 Rxd2 30. Nxd2 b5 31. Ne4 Ne6 32. Kg3 Kf7 33. c3 Ke7 34.
f3 Kd7 35. h4 Kc6 36. hxg5 hxg5 37. Kf2 Kd5 38. b3 a5 39. Ke3 Ke5 40. Nxg5 Nxg5
41. f4+ Kf6 42. fxg5+ Kxg5 43. Kf3 Kh4 44. Kf4 g5+ 45. Kf5 1-0

[Event "Ohm-Gymnasium Erlangen-Humboldtschule Ha"]
[Site "Verden/Aller"]
[Date "2011.05.15"]
[Round "6.3"]
[White "Traulsen, Timo"]
[Black "Tong, Lukas Fabian Chuan"]
[Result "0-1"]
[WhiteElo "1587"]
[BlackElo "1957"]
[PlyCount "94"]
[EventDate "2011.??.??"]
[WhiteTeam "Humboldtschule Hannover"]
[BlackTeam "Ohm-Gymnasium Erlangen"]

1. c4 e6 2. g3 Nf6 3. Bg2 d5 4. cxd5 exd5 5. Nf3 Bd6 6. O-O O-O 7. d3 c5 8. Bd2
Nc6 9. Nc3 Re8 10. Rc1 Bg4 11. Re1 a6 12. Qb3 Na5 13. Qc2 Rc8 14. Bg5 Be7 15.
Qd2 Be6 16. d4 Nc4 17. Qc2 h6 18. Bxf6 Bxf6 19. dxc5 Rxc5 20. Nd2 Nb6 21. Qd3
Qc7 22. Ndb1 Na4 23. Qd2 Rc8 24. Nxd5 Bxd5 25. Rxc5 Qxc5 26. Qxd5 Qxd5 27. Bxd5
Rc2 28. Bb3 Rxb2 29. Bxa4 Rxa2 30. Bd7 b5 31. e3 b4 32. Rc1 g6 33. Bc6 Bb2 34.
Bd5 Ra5 35. Rc2 Be5 36. e4 Ra1 37. Rc1 a5 38. Bb3 a4 39. Bxa4 Rxa4 40. Nd2 Ra2
41. Rc8+ Kg7 42. Nc4 Bd4 43. Ne3 b3 44. Rb8 b2 45. Kg2 Bxe3 46. Kf3 Bxf2 47. g4
Bd4 0-1

[Event "Ohm-Gymnasium Erlangen-Humboldtschule Ha"]
[Site "Verden/Aller"]
[Date "2011.05.15"]
[Round "6.4"]
[White "Zhao, Kevin"]
[Black "Lebek, Ricarda"]
[Result "0-1"]
[WhiteElo "1799"]
[BlackElo "1732"]
[PlyCount "89"]
[EventDate "2011.??.??"]
[WhiteTeam "Ohm-Gymnasium Erlangen"]
[BlackTeam "Humboldtschule Hannover"]

1. e4 c5 2. Nc3 d6 3. f4 Nf6 4. Nf3 Nbd7 5. Be2 a6 6. O-O Qc7 7. h3 e6 8. d3 g6
9. Bd2 Bg7 10. Nh2 b5 11. Qe1 Bb7 12. Nd1 Nb6 13. c3 c4 14. f5 O-O 15. g4 exf5
16. g5 Nfd7 17. exf5 Rfe8 18. Qf2 Qc5 19. Ne3 cxd3 20. Bxd3 Ne5 21. Bc2 Nbc4
22. fxg6 fxg6 23. b4 Qc6 24. Ng2 Rf8 25. Qe2 Nxd2 26. Qxd2 Nc4 27. Qe2 Rae8 28.
Qg4 Qxg2+ 29. Qxg2 Bxg2 30. Rxf8+ Rxf8 31. Bb3 Bxh3 32. Rd1 Rd8 33. a4 Bxc3 34.
Rd3 Bxb4 35. Rxh3 Kg7 36. axb5 axb5 37. Rf3 Rf8 38. Rd3 Rf5 39. Nf3 Ne5 40.
Nxe5 Rxe5 41. Kf2 Rxg5 42. Kf3 Kf6 43. Rd4 Bc5 44. Rd3 h5 45. Bc2 0-1